| 000 | 04318namaa22004211i 4500 | ||
|---|---|---|---|
| 003 | OSt | ||
| 005 | 20260401141403.0 | ||
| 008 | 250827s2025 ua a|||frm||| 000 0 eng d | ||
| 040 |
_aEG-GICUC _bara _cEG-GICUC _dEG-GICUC _erda |
||
| 041 | 0 |
_aara _bara _beng |
|
| 049 | _aإيداع | ||
| 082 | 0 | 4 | _a189.1 |
| 092 |
_a189.1 _221 |
||
| 097 | _aدكتوراه | ||
| 099 | _aCai01.06.06.Ph.D.2025.ري.م | ||
| 100 | 0 |
_a،رياض حمود سلمان _eإعداد. |
|
| 245 | 1 | 0 |
_aمقولة إمكان البعث والخلود وأدلتها عند الأشاعرة وفلاسفة المغرب الإسلامي : _bدراسة تحليلية تقويميَّة / _cإعداد رياض حمود سلمان؛ إشراف أ.د. السيد رزق الحجر، أ.د. مختار محمود عطا الله. |
| 246 | 1 | 5 |
_aThe argument of the possibility of resurrection and immortality and its evidence according to the ash'aris and the philosophers of the islamic maghreb : _bAn evaluative analytical study / |
| 264 | 0 | _c2025. | |
| 300 |
_a602 صفحة : _bإيضاحيات ؛ _c30 سم. + _eCD. |
||
| 336 |
_atext _2rda content |
||
| 337 |
_aUnmediated _2rdamedia |
||
| 338 |
_avolume _2rdacarrier |
||
| 502 | _aأطروحة (دكتوراه)-جامعة القاهرة، 2025. | ||
| 504 | _aببليوجرافيا: صفحات 575-592. | ||
| 520 | _aتناولت هذه الدراسة مقولة إمكان البعث والخلود وأدلتها عند الأشاعرة وفلاسفة المغرب الإسلامي، وقد حددتُ مشكلة البحث الرئيسية التي تتطلب معالجة علمية دقيقة، وتدور هذه الإشكالية حول ما إذا كانت مقولة الإمكان تنطبق على البعث والخلود أم لا، وما هي أدلتها التي تضعها في إطار الإمكان، وبالتالي فإنَّني قدمت مجموعة من الأدلة العقلية عند الاشاعرة وفلاسفة المغرب الإسلامي والتي تثبت صحة إمكان البعث والخلود وتنقض وتُبطل شبهات المنكرين الذين ينكرون البعث والخلود ووجود حياة بعد موت البدن ومفارقة النفس له، وبناء عليه كان الهدف من البحث هو إثبات صحة الإمكان لا الوقوع، وهذا ما يميز هذه الدراسة عن غيرها. | ||
| 520 | _aThis study dealt with the concept of the possibility of resurrection and immortality and its evidence according to the Ash'aris and the philosophers of the Islamic Maghreb. I identified the main research problem that requires precise scientific treatment. This problem revolves around whether the concept of possibility applies to resurrection and immortality or not, and what is its evidence that places it within the framework of possibility. Therefore, I presented a group of rational evidence according to the Ash'aris and the philosophers of the Islamic Maghreb that proves the validity of the possibility of resurrection and immortality and refutes and invalidates the doubts of deniers who deny resurrection and immortality and the existence of life after the death of the body and the departure of the soul from it. Accordingly, the aim of the research was to prove the validity of possibility, not occurrence, and this is what distinguishes this study from others. | ||
| 530 | _aصدر أيضًا كقرص مدمج. | ||
| 546 | _aالنص بالعربية والملخص باللغة الإنجليزية والعربية. | ||
| 650 | 7 |
_aالفلسفة الإسلامية _2qrmak |
|
| 653 | 0 |
_aإمكان _aالبعث _aالخلود |
|
| 700 | 0 |
_aالسيد رزق الحجر _eمشرف أطروحة. |
|
| 700 | 0 |
_aمختار محمود عطا الله _eمشرف أطروحة. |
|
| 900 |
_b27-02-2025 _cالسيد رزق الحجر _cمختار محمود عطا الله _dحسن الشافعي _dمحمد عبد الدايم الجندي _Uجامعة القاهرة _Fكلية دار العلوم _Dقسم الفلسفة الإسلامية |
||
| 905 |
_aSara _eAfaf |
||
| 942 |
_2ddc _cTH _e21 _n0 |
||
| 999 | _c178724 | ||